• 首页
  • 本馆介绍
  • 公告通知
  • 最新文献
  • 馆藏检索
  • 电子资源
  • 读者导购
  • 参考咨询
  • 我的图书馆
  • 登录
  • 详细信息显示
  • 放入我的书架
  • 预约/预借图书
  • 作者相关作品
  • 分类相关作品
  • 丛书相关作品
  • 出版社相关作品

书目信息

  • 表格格式
  • 工作单格式
  • 卡片格式
题名:
制度道德教育论
    
 
作者: 冯永刚 著
分册:  
出版信息: 北京   北京师范大学出版社  2011
页数: 262页
开本: 23cm
丛书名: 京师道德教育论丛
单 册:
中图分类: G41 , G512
科图分类:
主题词: 道德教育--dao de jiao yu--教育制度--研究
电子资源:
ISBN: 978-7-303-13446-5
000 00815nam 2200277 450
001 012001001051
005 20131025183703.0
010    @a978-7-303-13446-5@dCNY32.00
099    @aCAL 012011458617
100    @a20111201d2011 km y0chiy50 ea
101 0  @achi
102    @aCN@b110000
105    @ay a 000yy
106    @ar
200 1  @a制度道德教育论@Azhi du dao de jiao yu lun@f冯永刚著
210    @a北京@c北京师范大学出版社@d2011
215    @a262页@d23cm
225 2  @a京师道德教育论丛@Ajing shi dao de jiao yu lun cong
320    @a有书目 (第248-259页)
410  0 @12001@a京师道德教育论丛
606 0  @a道德教育@Adao de jiao yu@x教育制度@x研究
690    @aG41@v4
690    @aG512@v4
701  0 @a冯永刚@Afeng yong gang@4著
801  2 @aCN@b上海新华@c20191020
905    @b1222350-2@dG41@e90@f3
    
    制度道德教育论/冯永刚著.-北京:北京师范大学出版社,2011
    262页;23cm.-(京师道德教育论丛)
    
    
    ISBN 978-7-303-13446-5:CNY32.00
    
●
相关链接 在E读中查询图书 在五车中查询图书 在当当中查询图书 在豆瓣中查询图书


正题名:制度道德教育论     索取号:G41/90         预约/预借

序号 登录号 条形码 馆藏地/架位号 状态 备注
1 1222350   212223501   第一样本阅览室/ [索取号:G41/90] 在馆    
2 1222351   212223510   第四借阅区/ [索取号:G41/90] 在馆    
3 1222352   212223529   教育系资料室/ [索取号:G41/90] 在馆    
唐山师范学院图书馆 欢迎您!
大连网信软件有限公司© 版权所有